[Event "Graz op"]
[Site "Graz"]
[Date "1994.??.??"]
[Round "3"]
[White "Kranzl, Peter"]
[Black "Waidacher, C."]
[Result "1-0"]
[WhiteElo "2270"]
[BlackElo "1940"]
[PlyCount "80"]
[EventDate "1994.09.??"]
[EventType "swiss"]
[EventRounds "9"]
[EventCountry "AUT"]
[SourceTitle "EXT 1998"]
[Source "ChessBase"]
[SourceDate "1997.11.17"]
[SourceVersion "1"]
[SourceVersionDate "1997.11.17"]
[SourceQuality "1"]

1. e4 c5 2. Nf3 d6 3. c3 Nf6 4. g3 Nc6 5. Qe2 e5 6. Bg2 Be7 7. 0-0 0-0 8. h3 Rb8 9. Rd1 Qc7 10. d4 b5 11. d5 Na5 12. Nbd2 c4 13. Ne1 Nb7 14. a4 a6 15. axb5 axb5 16. Nc2 Nc5 17. Nb4 Bd7 18. Ra3 Ra8 19. Nb1 Qb7 20. f4 Ne8 21. Rxa8 Qxa8 22. fxe5 dxe5 23. Be3 Qc8 24. Na3 Bd6 25. Kh2 f5 26. exf5 Rxf5 27. Nc6 Bxc6 28. dxc6 Qb8 29. Rd5 Qb6 30. Nxc4 bxc4 31. Qxc4 Kh8 32. b4 Qxc6 33. Rxc5 Qd7 34. Rc8 Rf8 35. Qc6 Qe7 36. b5 e4 37. Qxe4 Bxg3+ 38. Kh1 Qa3 39. Rxe8 Qa1+ 40. Bg1 Qa3 1-0